| 000 | 00586nam a2200169Ia 4500 | ||
|---|---|---|---|
| 008 | 090201s9999 xx 000 0 und d | ||
| 010 | _aKPL-13981 | ||
| 040 | _bमराठी | ||
| 041 | _aमराठी | ||
| 082 |
_a5301 _b13981 |
||
| 100 | _aशशी पटवर्धन | ||
| 245 |
_aदोन डोळे हजार खिडक्या _cशशी पटवर्धन |
||
| 260 |
_c1973 _bदिपज्योती प्रकाशन |
||
| 300 |
_a108 _bमोठा |
||
| 600 | _aदोन डोळे हजार खिडक्या | ||
| 942 | _cBOOK | ||
| 999 |
_c206232 _d206232 |
||